000
00343pab a2200145 454500
008
180718b1990 xxu||||| |||| 00| 0 eng d
100
_a
Gupta, Vishwa Nath
245
_a
Women labour in tea planatations
260
_c
1990
300
_a
2-3,28
362
_a
May
650
_a
Women - Employment
773
_a
Social Welfare
909
_a
21221
999
_c
21221
_d
21221